[Event "X. Solinger Karnevalsopen"]
[Site "Solingen"]
[Date "2019.03.01"]
[Round "1.1"]
[White "Schmuck, Markus"]
[Black "Braun, Christian"]
[Result "0-1"]
[WhiteElo "1963"]
[BlackElo "2392"]
[PlyCount "66"]
[EventDate "2019.??.??"]
[WhiteTeam "SG Solingen"]
[BlackTeam "DJK Aufwärts Aachen"]

{[%evp 0,11,19,31,14,30,45,35,5,17,23,8,26,2]} 1. d4 Nf6 2. Nf3 g6 3. g3 Bg7 4.
Bg2 O-O 5. O-O c6 6. c3 d6 7. Nbd2 Qa5 8. Re1 Qh5 9. Nf1 Bh3 10. e4 Na6 11. Bf4
Rfe8 12. Qb3 Bxg2 13. Kxg2 Qb5 14. N1d2 Qxb3 15. axb3 c5 16. d5 Nc7 17. Rad1 b5
18. Re2 a5 19. Ne1 b4 20. Nc4 Reb8 21. cxb4 Rxb4 22. Bd2 Rxb3 23. Bxa5 Nb5 24.
e5 Nd7 25. exd6 exd6 26. Rd3 Rxd3 27. Nxd3 Nf6 28. b4 Nxd5 29. bxc5 dxc5 30.
Bb6 Bd4 31. Bxc5 Bxc5 32. Re5 Nbc3 33. Nxc5 Rc8 0-1

[Event "X. Solinger Karnevalsopen"]
[Site "Solingen"]
[Date "2019.03.01"]
[Round "1.2"]
[White "Michalczak, Thomas"]
[Black "Martino-Groß, Peter"]
[Result "1-0"]
[WhiteElo "2239"]
[BlackElo "1947"]
[PlyCount "43"]
[EventDate "2019.??.??"]
[WhiteTeam "SG Solingen"]
[BlackTeam "SC Solingen 28"]

1. e4 d5 2. exd5 Qxd5 3. Nc3 Qa5 4. d4 Nf6 5. Bd2 c6 6. Bd3 Bg4 7. Ne4 Qh5 8.
Nxf6+ gxf6 9. Ne2 Nd7 10. f3 Bxf3 11. gxf3 Qxf3 12. Ng3 Qd5 13. Qg4 O-O-O 14.
Qe4 Qd6 15. O-O-O e6 16. Bf4 Qb4 17. Kb1 f5 18. Qf3 Be7 19. Rhe1 Bf6 20. c3 Qa5
21. Qh5 Rdf8 22. Bd6 1-0

[Event "X. Solinger Karnevalsopen"]
[Site "Solingen"]
[Date "2019.03.01"]
[Round "1.3"]
[White "Scheffner, Jarno"]
[Black "Marcziter, Dr. Dmitrii"]
[Result "0-1"]
[WhiteElo "1947"]
[BlackElo "2225"]
[PlyCount "66"]
[EventDate "2019.??.??"]
[WhiteTeam "SK Nordhorn-Blanke"]
[BlackTeam "DJK Aufwärts Aachen"]

1. e4 c5 2. Nf3 a6 3. d4 cxd4 4. Nxd4 e6 5. a3 Nf6 6. Nc3 d6 7. Be3 Be7 8. Be2
Qc7 9. Qd2 b5 10. f4 Bb7 11. Bf3 Nbd7 12. Nb3 O-O 13. O-O-O Bc6 14. g4 a5 15.
g5 Ne8 16. Nd4 b4 17. Nb1 Nc5 18. Nxc6 Qxc6 19. Bxc5 Qxc5 20. h4 Rb8 21. Qd4
Qc7 22. Rd3 d5 23. exd5 Bc5 24. Qe4 exd5 25. Rxd5 Nd6 26. Qe5 Rfc8 27. Rh2 Qb6
28. axb4 axb4 29. b3 Re8 30. Qb2 Be3+ 31. Nd2 Bxf4 32. Rh1 Qf2 33. Bd1 Ne4 0-1

[Event "X. Solinger Karnevalsopen"]
[Site "Solingen"]
[Date "2019.03.01"]
[Round "1.4"]
[White "Jacobs, Florian"]
[Black "Kushchan, Eduard"]
[Result "1-0"]
[WhiteElo "2213"]
[BlackElo "1944"]
[PlyCount "61"]
[EventDate "2019.??.??"]
[BlackTeam "SG Solingen"]

{[%evp 0,42,16,21,16,-16,43,33,46,29,88,88,88,88,88,88,90,90,90,83,91,91,84,84,
89,82,84,78,93,69,60,49,55,19,84,76,76,76,76,16,204,204,230,215,258]} 1. d4 d5
2. c4 Bf5 3. cxd5 Bxb1 4. Qa4+ Qd7 5. Qxd7+ Nxd7 6. Rxb1 Ngf6 7. Nf3 Nxd5 8. e4
N5b6 9. Bf4 c6 10. Bd3 e6 11. O-O Be7 12. b4 O-O 13. Rfc1 Rac8 14. Bc2 Rfd8 15.
a4 Nf6 16. a5 Na8 17. a6 bxa6 18. Bd3 Nc7 19. Ne5 Nb5 20. Nxc6 Rxc6 21. Rxc6
Nxd4 22. Rxa6 Nxe4 23. Bxe4 Ne2+ 24. Kf1 Nxf4 25. g3 Ng6 26. Bxg6 hxg6 27. Rxa7
Bf6 28. b5 Rd2 29. Ra8+ Kh7 30. b6 Bd4 31. b7 1-0

[Event "X. Solinger Karnevalsopen"]
[Site "Solingen"]
[Date "2019.03.01"]
[Round "1.5"]
[White "Podder, Michael"]
[Black "Bruil, Rembrandt"]
[Result "0-1"]
[WhiteElo "1939"]
[BlackElo "2200"]
[PlyCount "94"]
[EventDate "2019.??.??"]
[WhiteTeam "Elberfelder SG"]
[BlackTeam "SK Turm Kleve"]

1. e4 c5 2. Nf3 Nc6 3. d4 cxd4 4. Nxd4 g6 5. c4 Bg7 6. Be3 Nf6 7. Nc3 O-O 8.
Be2 d6 9. O-O Bd7 10. Rc1 Nxd4 11. Bxd4 a5 12. a4 Bc6 13. f3 Nd7 14. Kh1 Bxd4
15. Qxd4 Nc5 16. Bd1 Qb6 17. Qd2 Qb4 18. b3 Nxb3 19. Bxb3 Qxb3 20. Qd4 Qb4 21.
Rb1 e5 22. Qd3 Qc5 23. Rfc1 Kg7 24. Nb5 Rac8 25. Qxd6 Bxb5 26. Qxc5 Rxc5 27.
Rxb5 Rfc8 28. Rxc5 Rxc5 29. Kg1 Rc6 30. c5 b6 31. Rb1 bxc5 32. Kf2 c4 33. Ke3
Kf6 34. Kd2 c3+ 35. Kd3 c2 36. Rc1 Ke6 37. Rxc2 Rxc2 38. Kxc2 Kd6 39. Kc3 Kc5
40. g3 g5 41. h3 h5 42. h4 gxh4 43. gxh4 f6 44. Kb3 Kd4 45. Kb2 Kc4 46. Kc2 Kb4
47. Kd3 Kb3 0-1

[Event "X. Solinger Karnevalsopen"]
[Site "Solingen"]
[Date "2019.03.01"]
[Round "1.6"]
[White "Naundorf, Maik"]
[Black "Höfer, Severin Paul"]
[Result "1/2-1/2"]
[WhiteElo "2147"]
[BlackElo "1938"]
[PlyCount "76"]
[EventDate "2019.??.??"]
[WhiteTeam "Königsspringer Hagen/Wetter"]
[BlackTeam "SF Stadtverwaltung Bonn"]

1. c4 Nf6 2. Nc3 e6 3. e4 c5 4. e5 Ng8 5. Nf3 Nc6 6. d4 cxd4 7. Nxd4 Nxe5 8.
Ndb5 a6 9. Nd6+ Bxd6 10. Qxd6 f6 11. Be3 Ne7 12. Bb6 Nf5 13. Qc5 d6 14. Qa5 Qe7
15. f4 Nd7 16. O-O-O Nxb6 17. Qxb6 Qd8 18. Qf2 Bd7 19. g4 Bc6 20. Rg1 Ne7 21.
Qe3 Qd7 22. Bh3 O-O-O 23. Rge1 Ng6 24. g5 f5 25. Qf2 h6 26. gxh6 Rxh6 27. Bf1
Rh4 28. Rd4 e5 29. fxe5 Rxd4 30. e6 Qc7 31. Qxd4 d5 32. cxd5 Bxd5 33. Qe3 Be4
34. Qg3 Ne5 35. e7 Qxe7 36. Nxe4 fxe4 37. Rxe4 Qc5+ 38. Qc3 Qxc3+ 1/2-1/2

[Event "X. Solinger Karnevalsopen"]
[Site "Solingen"]
[Date "2019.03.01"]
[Round "1.7"]
[White "Krüger, Till"]
[Black "Walter, Andreas"]
[Result "0-1"]
[WhiteElo "1926"]
[BlackElo "2127"]
[PlyCount "64"]
[EventDate "2019.??.??"]
[WhiteTeam "SC Nidderau"]
[BlackTeam "SV Mülheim-Nord"]

1. e4 c5 2. Nf3 d6 3. Bb5+ Nc6 4. O-O Bd7 5. Re1 a6 6. Bf1 e5 7. h3 g6 8. c3
Bg7 9. Na3 b5 10. Nc2 Nf6 11. d4 O-O 12. dxe5 dxe5 13. Qd6 c4 14. Nxe5 Nxe5 15.
Qxe5 Re8 16. Qf4 Bc6 17. f3 Nh5 18. Qd2 Qc7 19. g4 Rad8 20. Nd4 Qg3+ 21. Bg2
Nf4 22. Kf1 Nxh3 23. Bxh3 Bxd4 24. Bg2 Be5 25. Qe2 f5 26. gxf5 gxf5 27. Qf2
fxe4 28. f4 Qxf2+ 29. Kxf2 Bf6 30. Rg1 Kf7 31. Be3 h5 32. Rae1 Bh4+ 0-1

[Event "X. Solinger Karnevalsopen"]
[Site "Solingen"]
[Date "2019.03.01"]
[Round "1.8"]
[White "Flesch, Dr. Stefan"]
[Black "Schülke, Tilman"]
[Result "1-0"]
[WhiteElo "2044"]
[BlackElo "1924"]
[PlyCount "111"]
[EventDate "2019.??.??"]
[WhiteTeam "SG Solingen"]
[BlackTeam "Düsseldorfer SV"]

1. d4 d6 2. Nf3 Bg4 3. Nbd2 Nd7 4. g3 c6 5. Bg2 d5 6. O-O e6 7. e4 dxe4 8. Nxe4
Ngf6 9. Re1 Nxe4 10. Rxe4 Nf6 11. Re1 Be7 12. c3 h6 13. Qb3 Qc8 14. Ne5 Bf5 15.
h3 h5 16. Bg5 Nd5 17. Bxe7 Nxe7 18. a4 Qc7 19. a5 f6 20. Nc4 Nd5 21. Qxb7 Kd7
22. Qxc7+ Nxc7 23. Ne3 Bg6 24. Bf1 Rab8 25. Nc4 h4 26. Rac1 hxg3 27. fxg3 Bf5
28. g4 Bg6 29. Kf2 Nd5 30. Kg3 Rhe8 31. h4 Re7 32. h5 Bh7 33. b4 Rbe8 34. Ne3
Kc7 35. Bc4 Bg8 36. Kf2 Bf7 37. b5 Nxe3 38. Rxe3 cxb5 39. Bxb5 Rb8 40. Bc4 Kd6
41. Bd3 Rb2+ 42. Re2 Reb7 43. Ke3 Rxe2+ 44. Bxe2 Rb2 45. a6 Be8 46. c4 Ba4 47.
Rc3 Bd7 48. Ra3 Bc6 49. Ra5 Rb3+ 50. Kf2 Rb8 51. g5 fxg5 52. Rxg5 Rf8+ 53. Ke3
Rf7 54. Rg6 Ke7 55. Bg4 Bd7 56. Ke4 1-0

[Event "X. Solinger Karnevalsopen"]
[Site "Solingen"]
[Date "2019.03.01"]
[Round "1.9"]
[White "Boschek, Dr. Hans-Joachim"]
[Black "Steinbach, Wolfgang"]
[Result "1/2-1/2"]
[WhiteElo "1922"]
[BlackElo "2022"]
[PlyCount "88"]
[EventDate "2019.??.??"]
[WhiteTeam "SG Solingen"]
[BlackTeam "SG Solingen"]

1. Nf3 Nf6 2. d4 e6 3. g3 d5 4. Bg2 Be7 5. c4 c6 6. Qc2 O-O 7. O-O h6 8. Nbd2
Na6 9. c5 Nd7 10. a3 e5 11. e4 exd4 12. exd5 d3 13. Qxd3 Ndxc5 14. Qc2 Qxd5 15.
Re1 Bf6 16. Ne5 Qe6 17. Nd3 Qd6 18. Nf4 Bg5 19. Nc4 Qf6 20. Nh5 Qg6 21. Qxg6
fxg6 22. Nf4 Bxf4 23. Bxf4 Nd3 24. Re4 Nac5 25. Re7 Nxf4 26. gxf4 Rd8 27. Ne5
Bf5 28. b4 Nd7 29. Nc4 Re8 30. Rae1 Rxe7 31. Rxe7 Kf8 32. Re3 a6 33. Nd6 Rb8
34. a4 Bc2 35. Ra3 Ke7 36. Nc4 Nf6 37. Ne5 Nd5 38. b5 Nxf4 39. bxa6 Nxg2 40.
Kxg2 Kd6 41. Nc4+ Kc7 42. axb7 Rxb7 43. a5 Ra7 44. Re3 Kd8 1/2-1/2

[Event "X. Solinger Karnevalsopen"]
[Site "Solingen"]
[Date "2019.03.01"]
[Round "1.10"]
[White "Leontiev, Oleg"]
[Black "Müller, Adrian"]
[Result "0-1"]
[WhiteElo "2007"]
[BlackElo "1919"]
[PlyCount "86"]
[EventDate "2019.??.??"]
[WhiteTeam "SV Turm Sankt Augustin"]
[BlackTeam "Fideler Bauer Leverkusen"]

1. d4 Nf6 2. Nf3 g6 3. e3 Bg7 4. c4 O-O 5. Nc3 d6 6. Be2 c5 7. O-O a6 8. Qc2
Bf5 9. e4 Bg4 10. dxc5 dxc5 11. Be3 Bxf3 12. Bxf3 Nfd7 13. Rfd1 Qc8 14. Nd5 Nc6
15. a3 e6 16. Nc3 Nd4 17. Bxd4 cxd4 18. Ne2 Ne5 19. Nxd4 Qxc4 20. Rac1 Rac8 21.
Be2 Qxc2 22. Rxc2 Rxc2 23. Nxc2 Rc8 24. Ne1 g5 25. Kf1 Kf8 26. f3 Ke7 27. Kf2
b5 28. a4 Nc4 29. axb5 Nxb2 30. Rb1 a5 31. Nd3 a4 32. Nb4 Bd4+ 33. Kf1 Bg7 34.
g3 a3 35. Na6 Na4 36. Nb4 Bc3 37. Na2 Bb2 38. Bd1 Nc3 39. Nxc3 Rxc3 40. b6 a2
41. Ra1 Bxa1 42. b7 Rxf3+ 43. Ke2 Be5 0-1

[Event "X. Solinger Karnevalsopen"]
[Site "Solingen"]
[Date "2019.03.01"]
[Round "1.11"]
[White "Kuhn, Andreas"]
[Black "Schröder, Jörg"]
[Result "1/2-1/2"]
[WhiteElo "1895"]
[BlackElo "2007"]
[PlyCount "53"]
[EventDate "2019.??.??"]
[WhiteTeam "SG Niederkassel"]
[BlackTeam "Oberhausener SV"]

1. d4 Nf6 2. c4 e6 3. g3 c5 4. Nf3 cxd4 5. Nxd4 d5 6. Bg2 e5 7. Nf3 Nc6 8. cxd5
Nxd5 9. O-O Nc7 10. Qxd8+ Kxd8 11. Rd1+ Ke8 12. Nc3 f6 13. Be3 Be6 14. Nd2 Bb4
15. Nde4 Kf7 16. Bc5 Bxc5 17. Nxc5 Rab8 18. b3 Nd8 19. N3e4 Ke7 20. Rac1 b6 21.
Na4 Na6 22. Nac3 Nb4 23. Nd2 a5 24. a3 Na6 25. Nd5+ Bxd5 26. Bxd5 Ne6 27. Ne4
1/2-1/2

[Event "X. Solinger Karnevalsopen"]
[Site "Solingen"]
[Date "2019.03.01"]
[Round "1.12"]
[White "Eckert, Marius"]
[Black "Iov, Dmitrii"]
[Result "1-0"]
[WhiteElo "1994"]
[BlackElo "1892"]
[PlyCount "51"]
[EventDate "2019.??.??"]
[WhiteTeam "SV Waltrop"]
[BlackTeam "Oberbilker SV"]

1. d4 c6 2. Nf3 d5 3. Bf4 Nf6 4. e3 Bf5 5. c4 e6 6. Qb3 b6 7. Nc3 Bd6 8. Bxd6
Qxd6 9. Be2 O-O 10. O-O Nbd7 11. Rfd1 Qe7 12. Rac1 Rac8 13. cxd5 cxd5 14. Ba6
Rc7 15. Nb5 Rxc1 16. Rxc1 Be4 17. Nxa7 Bxf3 18. Nc8 Qd8 19. gxf3 Nh5 20. Bf1 f5
21. Qb4 f4 22. Qe7 Qxe7 23. Nxe7+ Kf7 24. Nc8 e5 25. Rc7 Ke6 26. Bh3+ 1-0

[Event "X. Solinger Karnevalsopen"]
[Site "Solingen"]
[Date "2019.03.01"]
[Round "1.13"]
[White "Weinkauf, Viktor"]
[Black "Borchert, Stephan"]
[Result "0-1"]
[WhiteElo "1841"]
[BlackElo "1983"]
[PlyCount "74"]
[EventDate "2019.??.??"]
[WhiteTeam "Aachener SV"]
[BlackTeam "SG Solingen"]

1. d4 f5 2. g3 Nf6 3. Bg2 g6 4. Nc3 Bg7 5. Nh3 O-O 6. O-O d6 7. Re1 Nc6 8. Nf4
Bd7 9. d5 Ne5 10. e4 fxe4 11. Nxe4 Nxe4 12. Bxe4 c6 13. c3 Qc8 14. Qb3 Kh8 15.
h4 Ng4 16. Bxg6 Rxf4 17. Bxf4 hxg6 18. Rxe7 Bf6 19. Re2 Ne5 20. Bxe5 dxe5 21.
d6 Be6 22. c4 Qd7 23. Qb4 b6 24. Rae1 Re8 25. Qc3 Qxd6 26. f4 Qc5+ 27. Qe3 Be7
28. Kh2 Qxe3 29. Rxe3 Bb4 30. R1e2 Bxc4 31. Rc2 Bxa2 32. b3 Bb1 33. Rxc6 e4 34.
Rxg6 Bc5 35. Re1 Bd3 36. Kg2 e3 37. Kf3 Bxg6 0-1

[Event "X. Solinger Karnevalsopen"]
[Site "Solingen"]
[Date "2019.03.01"]
[Round "1.14"]
[White "Speck, Stefan"]
[Black "Prang, Andreas"]
[Result "1-0"]
[WhiteElo "1983"]
[BlackElo "1821"]
[PlyCount "73"]
[EventDate "2019.??.??"]
[WhiteTeam "SC Solingen 28"]
[BlackTeam "SV Unser Fritz"]

1. e4 c5 2. Nf3 e6 3. d4 cxd4 4. Nxd4 Nc6 5. Nc3 Qc7 6. Be3 Nf6 7. Be2 a6 8.
O-O d6 9. f4 Bd7 10. Bf3 Be7 11. Kh1 Rc8 12. Nb3 b5 13. a3 Qb8 14. Qe2 Bd8 15.
Rad1 Na5 16. Nxa5 Bxa5 17. Bd2 Bc7 18. Rde1 e5 19. Nd5 Nxd5 20. exd5 O-O 21.
fxe5 dxe5 22. Bc3 Rce8 23. Qf2 Bd6 24. Qh4 Rc8 25. Be2 f5 26. Rf3 Rf6 27. Rg3
Rcf8 28. Bd3 Kh8 29. Rg5 Be8 30. Bb4 e4 31. Bc3 exd3 32. cxd3 Bf4 33. Rxe8 Rxe8
34. Rxg7 Re1+ 35. Qxe1 Qf8 36. Re7 Qh6 37. Re8+ 1-0

[Event "X. Solinger Karnevalsopen"]
[Site "Solingen"]
[Date "2019.03.01"]
[Round "1.15"]
[White "Meckel, Helmut"]
[Black "Tremöhlen, Thomas"]
[Result "0-1"]
[WhiteElo "1819"]
[BlackElo "1980"]
[PlyCount "90"]
[EventDate "2019.??.??"]
[WhiteTeam "SG Solingen"]
[BlackTeam "SG Kaarst"]

1. b4 e5 2. Bb2 d6 3. c4 Be6 4. e3 Nf6 5. Nf3 a5 6. a3 Be7 7. d4 e4 8. d5 Bg4
9. h3 Bh5 10. Qa4+ Nbd7 11. Nd4 axb4 12. Qxb4 O-O 13. Nf5 Bg6 14. Nxe7+ Qxe7
15. Nd2 Nc5 16. Bd4 Nfd7 17. Nb3 f5 18. g3 b6 19. Bxc5 dxc5 20. Qc3 Bh5 21. Be2
Bxe2 22. Kxe2 Ra4 23. Nd2 Rfa8 24. Ra2 Qe8 25. g4 Ne5 26. Rg1 fxg4 27. hxg4 b5
28. cxb5 Qxb5+ 29. Kd1 Nc4 30. Rc2 Nxd2 31. Kxd2 Rxa3 32. Qc4 Qxc4 33. Rxc4
Rd3+ 34. Ke2 Ra2+ 35. Kf1 Rdd2 36. Rxc5 Rxf2+ 37. Ke1 Rfb2 38. Rc1 Re2+ 39. Kf1
Rxe3 40. Rxc7 Rf3+ 41. Ke1 Ra1+ 42. Ke2 Rxg1 43. d6 Rg2+ 44. Ke1 Rd3 45. d7
Rgd2 0-1

[Event "X. Solinger Karnevalsopen"]
[Site "Solingen"]
[Date "2019.03.01"]
[Round "1.16"]
[White "Vranidis, Athanassios"]
[Black "Jahrke, Jonas"]
[Result "1/2-1/2"]
[WhiteElo "1976"]
[BlackElo "1817"]
[PlyCount "36"]
[EventDate "2019.??.??"]
[WhiteTeam "SG Solingen"]
[BlackTeam "SF Essen-Katernberg"]

{[%evp 0,90,19,-63,-56,-66,-9,-23,-20,-22,-10,-4,5,-48,-8,-26,-5,8,19,26,54,
-52,-48,-47,-42,-78,-63,-63,-55,-59,-58,-57,-61,-61,-74,-86,-73,-147,-147,-156,
-118,-133,-129,-126,-117,-117,-125,-125,-130,-132,-119,-96,-197,-191,-189,-228,
-205,-205,-189,-188,-79,-144,-345,-366,-422,-366,-140,-125,-115,-120,-110,-109,
-110,-261,-255,-261,-255,-243,-255,-243,-135,-750,-753,-756,-758,-758,-766,
-772,-778,-778,-762,-777,-737]} 1. d4 Nf6 2. c4 c5 3. d5 b5 4. cxb5 a6 5. b6
Qxb6 6. Nc3 g6 7. e4 d6 8. Nf3 Nbd7 9. h3 Bg7 10. Bd3 O-O 11. O-O a5 12. Rb1
Ba6 13. b3 Bxd3 14. Qxd3 Qa6 15. Qxa6 Rxa6 16. Be3 Rc8 17. Nd2 Nb6 18. a4 Ne8
1/2-1/2

[Event "X. Solinger Karnevalsopen"]
[Site "Solingen"]
[Date "2019.03.01"]
[Round "1.17"]
[White "Jacobi, Niklas"]
[Black "Fuß, Jean-Pierre"]
[Result "1/2-1/2"]
[WhiteElo "1812"]
[BlackElo "1965"]
[PlyCount "37"]
[EventDate "2019.??.??"]
[WhiteTeam "SV Wesel"]
[BlackTeam "SV Turm Sankt Augustin"]

1. e4 c5 2. Nf3 Nc6 3. d4 cxd4 4. Nxd4 d6 5. c4 Nf6 6. Nc3 e5 7. Nc2 Be7 8. Be2
Be6 9. O-O Rc8 10. b3 O-O 11. Be3 Qa5 12. Qd2 Ng4 13. Bxg4 Bxg4 14. Nd5 Qxd2
15. Bxd2 Bd8 16. Nce3 Be6 17. Bc3 a6 18. Rfd1 b5 19. Bb2 1/2-1/2

[Event "X. Solinger Karnevalsopen"]
[Site "Solingen"]
[Date "2019.03.01"]
[Round "1.18"]
[White "Pauls, Wilhelm"]
[Black "Lux, Andreas"]
[Result "1-0"]
[WhiteElo "1963"]
[BlackElo "1809"]
[PlyCount "37"]
[EventDate "2019.??.??"]
[WhiteTeam "SG Kaarst"]
[BlackTeam "SG Solingen"]

1. e4 c5 2. Nf3 e6 3. d4 cxd4 4. Nxd4 Bc5 5. Nb3 Bb6 6. Nc3 a6 7. Bf4 Ne7 8.
Qd2 O-O 9. O-O-O Nbc6 10. Kb1 d5 11. exd5 Nxd5 12. Nxd5 Qxd5 13. Bd3 Qxg2 14.
Rdf1 Kh8 15. Rhg1 Qd5 16. Bh6 Rg8 17. Bxg7+ Rxg7 18. Qh6 Bd4 19. Rxg7 1-0

[Event "X. Solinger Karnevalsopen"]
[Site "Solingen"]
[Date "2019.03.01"]
[Round "1.19"]
[White "Tanz, Manfred"]
[Black "Schmidt, Sebastian"]
[Result "1/2-1/2"]
[WhiteElo "1610"]
[BlackElo "1805"]
[PlyCount "84"]
[EventDate "2019.??.??"]
[BlackTeam "SV Waltrop"]

1. e4 c5 2. f4 d6 3. Nf3 Nc6 4. Be2 g6 5. O-O Bg7 6. c3 Bg4 7. d4 Bxf3 8. Bxf3
cxd4 9. e5 dxc3 10. Bxc6+ bxc6 11. Nxc3 Qb6+ 12. Kh1 dxe5 13. Qf3 exf4 14. Bxf4
Nf6 15. Be5 O-O 16. Bxf6 Bxf6 17. Ne4 Bg7 18. Rab1 Qa5 19. a3 Rab8 20. b4 Qb6
21. Nc5 Rbd8 22. Qg4 e6 23. h3 Rd4 24. Qf3 a5 25. Nb3 Rc4 26. Nxa5 Rc3 27. Qe4
Qb5 28. Rfc1 c5 29. Nc6 cxb4 30. Ne7+ Kh8 31. axb4 Rxc1+ 32. Rxc1 Qg5 33. Rc7
Be5 34. Rc5 Qxe7 35. Qxe5+ Kg8 36. b5 Rd8 37. b6 Qb7 38. Qc7 Rb8 39. Qd6 Kg7
40. Qe5+ Kg8 41. Qd6 Kg7 42. Qe5+ Kg8 1/2-1/2

[Event "X. Solinger Karnevalsopen"]
[Site "Solingen"]
[Date "2019.03.01"]
[Round "1.20"]
[White "Prieb, Robert"]
[Black "Spranzel, Dietmar"]
[Result "1-0"]
[WhiteElo "1793"]
[BlackElo "1558"]
[PlyCount "91"]
[EventDate "2019.??.??"]
[WhiteTeam "SG Bochum"]
[BlackTeam "SF Schlebusch"]

1. d4 Nf6 2. c4 c5 3. d5 b5 4. Nd2 g6 5. b3 Bg7 6. Bb2 O-O 7. e4 d6 8. Ngf3 b4
9. Bd3 Nbd7 10. Qc2 Ng4 11. Bxg7 Kxg7 12. Qb2+ Kg8 13. h3 Nge5 14. Nxe5 Nxe5
15. Bc2 e6 16. O-O-O exd5 17. exd5 a5 18. f4 Nd7 19. g4 a4 20. Ne4 axb3 21.
Bxb3 f5 22. Nxd6 Qf6 23. Nxc8 Qxb2+ 24. Kxb2 Raxc8 25. g5 Rfe8 26. Rde1 Nb6 27.
Re5 Rxe5 28. fxe5 Nd7 29. Re1 Kf8 30. e6 Nb6 31. d6 Rc6 32. Rd1 Rc8 33. Ka1 Ra8
34. Re1 Ke8 35. Re5 Rd8 36. d7+ Ke7 37. Rxc5 Kxe6 38. Rc6+ Kxd7 39. Rxb6 Kc7
40. Ra6 Kb7 41. Rf6 Rd7 42. h4 Re7 43. Kb2 Kc8 44. h5 gxh5 45. Rxf5 Rg7 46. c5
1-0

[Event "X. Solinger Karnevalsopen"]
[Site "Solingen"]
[Date "2019.03.01"]
[Round "1.21"]
[White "Mukovskiy, Peter"]
[Black "Fränzel, Dr. Marius"]
[Result "1/2-1/2"]
[WhiteElo "1545"]
[BlackElo "1781"]
[PlyCount "82"]
[EventDate "2019.??.??"]
[WhiteTeam "Düsseldorfer SK"]
[BlackTeam "SG Solingen"]

1. d4 d5 2. c4 c6 3. Nc3 Nf6 4. Nf3 dxc4 5. a4 Bf5 6. e3 e6 7. Bxc4 Bb4 8. O-O
Nbd7 9. Na2 Qa5 10. Nxb4 Qxb4 11. Qb3 Qxb3 12. Bxb3 O-O 13. Bd2 a5 14. Rfd1 Ne4
15. Rac1 Bg4 16. Be1 Rfc8 17. h3 Bh5 18. g4 Bg6 19. Nh4 c5 20. Nxg6 hxg6 21. d5
c4 22. dxe6 Ne5 23. exf7+ Kxf7 24. Ba2 Kf8 25. Bb1 Nc5 26. Bc2 Ncd3 27. Bxd3
Nxd3 28. Rc2 Nxe1 29. Rxe1 Rc5 30. Rec1 Rac8 31. Rc3 b6 32. R1c2 Ke7 33. Kf1
Ke6 34. f4 Kd5 35. Rd2+ Ke4 36. Rd4+ Kf3 37. Rd6 Rh8 38. Rxg6 Rd5 39. Ke1 Rhd8
40. e4+ Kxe4 41. Rxc4+ Kf3 1/2-1/2

[Event "X. Solinger Karnevalsopen"]
[Site "Solingen"]
[Date "2019.03.01"]
[Round "1.22"]
[White "Ipekyilmaz, Tayfun"]
[Black "Petrovic, Julijan"]
[Result "1-0"]
[WhiteElo "1754"]
[BlackElo "1505"]
[PlyCount "109"]
[EventDate "2019.??.??"]
[WhiteTeam "Langenfelder SF"]
[BlackTeam "Fideler Bauer Leverkusen"]

1. e4 c5 2. Nf3 Nc6 3. d4 cxd4 4. c3 dxc3 5. Nxc3 d6 6. Bc4 Nf6 7. e5 dxe5 8.
Qxd8+ Nxd8 9. Nb5 Be6 10. Nc7+ Kd7 11. Nxa8 Bxc4 12. Nxe5+ Kc8 13. Nxc4 Kb8 14.
Nab6 axb6 15. Nxb6 Nc6 16. Be3 e6 17. O-O-O Kc7 18. Rd3 Be7 19. Rhd1 Rd8 20.
Rxd8 Nxd8 21. Nc4 Nd5 22. Bd4 f6 23. Ne3 Nxe3 24. Bxe3 Nc6 25. Rd3 Bb4 26. Bf4+
e5 27. Bd2 Bxd2+ 28. Kxd2 Nd4 29. Rh3 h6 30. Rg3 Nf5 31. Rg6 Kd6 32. g4 Nd4 33.
Rxg7 Nf3+ 34. Ke2 Nxh2 35. f3 e4 36. fxe4 Ke5 37. Rxb7 Nxg4 38. a4 h5 39. Rb5+
Kxe4 40. Rxh5 Ne5 41. Rxe5+ Kxe5 42. Ke3 f5 43. a5 f4+ 44. Kf3 Kd5 45. Kxf4 Kc5
46. Ke5 Kb5 47. b4 Ka6 48. Kd6 Kb5 49. Kc7 Ka6 50. Kc6 Ka7 51. b5 Kb8 52. Kb6
Ka8 53. Kc7 Ka7 54. b6+ Ka8 55. b7+ 1-0

[Event "X. Solinger Karnevalsopen"]
[Site "Solingen"]
[Date "2019.03.01"]
[Round "1.23"]
[White "Bolz, Jannis"]
[Black "Runte, Dirk"]
[Result "1/2-1/2"]
[WhiteElo "1461"]
[BlackElo "1740"]
[PlyCount "149"]
[EventDate "2019.??.??"]
[WhiteTeam "DJK Aufwärts Aachen"]
[BlackTeam "Fideler Bauer Leverkusen"]

1. e4 c5 2. d4 cxd4 3. c3 Nf6 4. e5 Nd5 5. cxd4 e6 6. Bd3 Nc6 7. Ne2 Bb4+ 8.
Bd2 Qb6 9. Bxb4 Qxb4+ 10. Qd2 Nxd4 11. Qxb4 Nxb4 12. Kd2 Nxd3 13. Kxd3 Nxe2 14.
Kxe2 b6 15. Nc3 Ba6+ 16. Kd2 Ke7 17. f3 d6 18. exd6+ Kxd6 19. Rhd1 Ke7 20. Ke3
Rhd8 21. Rac1 Rac8 22. a3 h6 23. Ke4 f5+ 24. Ke3 g5 25. g3 Rc4 26. Re1 Rcd4 27.
b4 Rd3+ 28. Kf2 Rc8 29. Nb1 Rxc1 30. Rxc1 Kd7 31. Nc3 Rd2+ 32. Kg1 Bb7 33. Nb5
Bc6 34. Nxa7 Bxf3 35. Rc3 Be4 36. h3 Rd3 37. Nb5 Rxc3 38. Nxc3 Bd3 39. Kf2 Kd6
40. Ke3 Bc4 41. Kd4 Bf1 42. h4 e5+ 43. Ke3 gxh4 44. gxh4 f4+ 45. Kf3 Bh3 46. a4
Bd7 47. Ne4+ Ke6 48. b5 Bc8 49. Ke2 Kd5 50. Nf6+ Kd4 51. Ng8 Bg4+ 52. Ke1 h5
53. Nf6 Bf3 54. Nd7 e4 55. Nxb6 e3 56. Nd7 Be4 57. Nf6 f3 58. Nxe4 Kxe4 59. b6
Kd3 60. b7 f2+ 61. Kf1 Kd2 62. b8=Q e2+ 63. Kxf2 e1=Q+ 64. Kg2 Qxh4 65. Qd6+
Kc3 66. Qe5+ Kd3 67. a5 Qd8 68. Qb5+ Kc3 69. Qc5+ Kd3 70. Qb5+ Kc3 71. Qc6+ Kd3
72. Qg6+ Kc4 73. Qa6+ Kc5 74. Qb6+ Qxb6 75. axb6 1/2-1/2

[Event "X. Solinger Karnevalsopen"]
[Site "Solingen"]
[Date "2019.03.01"]
[Round "1.24"]
[White "Meyer zu Kniendorf, Jochen"]
[Black "Jorke, Roland"]
[Result "1-0"]
[WhiteElo "1723"]
[BlackElo "1422"]
[PlyCount "80"]
[EventDate "2019.??.??"]
[WhiteTeam "Düsseldorfer SK"]
[BlackTeam "Ohligser Turnverein"]

1. c4 e6 2. g3 Nf6 3. Nf3 g6 4. Nc3 Bg7 5. Bg2 Nc6 6. O-O Rb8 7. d4 O-O 8. e4
b6 9. Bf4 Bb7 10. Qd2 d6 11. Bh6 Na5 12. Bxg7 Kxg7 13. Qe2 Nc6 14. Rad1 Qc8 15.
Bh3 Qe8 16. Rfe1 a6 17. a3 Bc8 18. e5 dxe5 19. Nxe5 Bb7 20. Bg2 Nd8 21. Bxb7
Rxb7 22. Qf3 Rb8 23. g4 Nd7 24. Qg3 Rc8 25. d5 f6 26. Nxd7 Qxd7 27. dxe6 Qe8
28. e7 Rf7 29. exd8=Q Qxe1+ 30. Rxe1 Rxd8 31. Qf3 Rdd7 32. Rd1 Rde7 33. Nd5 Rd7
34. Ne3 Rde7 35. Qd5 Rf8 36. b4 Rfe8 37. h3 Re5 38. Qd4 Re4 39. Qd7+ R4e7 40.
Qc6 Kh6 1-0

[Event "X. Solinger Karnevalsopen"]
[Site "Solingen"]
[Date "2019.03.01"]
[Round "1.25"]
[White "Albrecht, Philipp"]
[Black "Bießner, Eberhard"]
[Result "1-0"]
[WhiteElo "1420"]
[BlackElo "1720"]
[PlyCount "55"]
[EventDate "2019.??.??"]
[WhiteTeam "SF Brett vor'm Kopp Duisburg"]
[BlackTeam "Rheydter SV"]

1. d4 Nf6 2. Bf4 e6 3. e3 d5 4. Nd2 c5 5. c3 Nc6 6. h4 Bd6 7. Bxd6 Qxd6 8. Ngf3
h6 9. Qc2 cxd4 10. exd4 Bd7 11. h5 Rc8 12. Nb3 Ne4 13. Bd3 Nb4 14. Qe2 Nxd3+
15. Qxd3 a6 16. Ne5 Bb5 17. Qf3 O-O 18. a4 Be8 19. Qe3 b5 20. axb5 Bxb5 21. Na5
f6 22. Ng6 Rf7 23. c4 Qb4+ 24. Ke2 Bxc4+ 25. Nxc4 Rxc4 26. Rxa6 Qxb2+ 27. Kf3
Rc3 28. Ra8+ 1-0